IT for property people (Record no. 104747)
[ view plain ]
| 000 -LEADER | |
|---|---|
| fixed length control field | 00822cam a2200217 4500 |
| 001 - CONTROL NUMBER | |
| control field | ##L131403 |
| 008 - FIXED-LENGTH DATA ELEMENTS--GENERAL INFORMATION | |
| fixed length control field | 051028n2005 000 0 eng u |
| 020 ## - INTERNATIONAL STANDARD BOOK NUMBER | |
| International Standard Book Number | 0728204797 |
| 035 ## - SYSTEM CONTROL NUMBER | |
| System control number | (Sirsi) u131403 |
| 041 0# - LANGUAGE CODE | |
| Language code of text/sound track or separate title | eng |
| 050 04 - LIBRARY OF CONGRESS CALL NUMBER | |
| Classification number | 526.90285 $2 18 |
| 100 1# - MAIN ENTRY--PERSONAL NAME | |
| Personal name | Waller, Andrew |
| 245 00 - TITLE STATEMENT | |
| Title | IT for property people |
| 260 3# - PUBLICATION, DISTRIBUTION, ETC. | |
| Place of publication, distribution, etc. | London |
| Name of publisher, distributor, etc. | EG Books |
| Date of publication, distribution, etc. | 2005 |
| 300 ## - PHYSICAL DESCRIPTION | |
| Extent | 220p. |
| Dimensions | 15cm. |
| 350 ## - PRICE (NR) (BK AM CF MU VM SE) [OBSOLETE] | |
| Price | 31.99 |
| 520 ## - SUMMARY, ETC. | |
| Summary, etc. | A guide to property information and how to use it effectively in business. Assesses where property information adds value and provides models to prioritise where to invest resources to improve management information systems. Case studies include British Land and Equity Office Properties. |
| 590 ## - LOCAL NOTE (RLIN) | |
| Local note | IKA061205 |
| 690 ## - LOCAL SUBJECT ADDED ENTRY--TOPICAL TERM (OCLC, RLIN) | |
| Topical term or geographic name as entry element | MANAGEMENT-BUSINESS MANAGEMENT-INFORMATION MANAGEMENT |
| 942 ## - ADDED ENTRY ELEMENTS (KOHA) | |
| Suppress in OPAC | 0 |
| Withdrawn status | Lost status | Source of classification or shelving scheme | Damaged status | Not for loan | Home library | Current library | Shelving location | Date acquired | Total Checkouts | Full call number | Date last seen | Date last checked out | Copy number | Price effective from | Koha item type |
|---|---|---|---|---|---|---|---|---|---|---|---|---|---|---|---|
| Dewey Decimal Classification | London | London | Books | 02/12/2005 | 2 | 526.90285 WAL | 05/04/2023 | 08/02/2006 | 1 | 06/08/2019 | Book |